Visión general de la historia dominicana
-д хадгалсан:
| Үндсэн зохиолчид: | , |
|---|---|
| Формат: | Ном |
| Хэл сонгох: | испани |
| Хэвлэсэн: |
Santiago
UCMM
1981
|
| Цуврал: | Colección Textos
|
| Нөхцлүүд: | |
| Шошгууд: |
Шошго нэмэх
Шошго байхгүй, Энэхүү баримтыг шошголох эхний хүн болох!
|
MARC
| LEADER | 00000nam a2200000 a 4500 | ||
|---|---|---|---|
| 001 | UCO0751 | ||
| 003 | CL-VaPUC | ||
| 008 | 000428e19810000dr |||||||||||||||||spa|d | ||
| 082 | 0 | 4 | |a 972.93 |b PEG |2 21 |
| 100 | 0 | |a Peguero, Valentina |e author |9 442212 | |
| 700 | 0 | |a Santos, Danilo de los |e author |9 442213 | |
| 245 | 1 | 0 | |a Visión general de la historia dominicana |
| 300 | |a 462 p | ||
| 942 | |c BK | ||
| 945 | |d 20000428 00:00:00 |a crobeson | ||
| 260 | |a Santiago |b UCMM |c 1981 | ||
| 650 | 0 | |a Historia |9 255047 | |
| 650 | 0 | |a Geografía |9 259346 | |
| 650 | 7 | |a DESCUBRIMIENTO DE AMERICA |2 CL-VaPUC |9 442214 | |
| 650 | 7 | |a COLONIA |2 CL-VaPUC |9 442215 | |
| 650 | 7 | |a REVOLUCION HAITIANA |2 CL-VaPUC |9 442216 | |
| 650 | 0 | |a Independencia |9 344246 | |
| 650 | 0 | |a República |9 310048 | |
| 650 | 0 | |a Desarrollo cultural |9 267526 | |
| 651 | 7 | |a REPUBLICA DOMINICANA |2 CL-VaPUC |9 257737 | |
| 583 | |a last modification |c 20171219 02:31:48 |k Rodrigo Vera | ||
| 490 | 0 | |a Colección Textos | |
| 999 | |c 287398 |d 287396 | ||
| 952 | |0 0 |1 0 |4 0 |6 972_930000000000000_PEG_1981 |7 0 |8 A |9 334238 |a BIBHIS |b BIBHIS |d 2019-11-20 |i 1272438 |o 972.93 PEG 1981 |p 1272438 |r 2025-01-20 |w 2019-11-20 |y BK |k HIS | ||